[Event "Arco op 33rd"]
[Site "Arco"]
[Date "2011.10.30"]
[Round "9"]
[White "Coqueraut, Lodewyk"]
[Black "Dalla Vecchia, Paolo"]
[Result "1-0"]
[WhiteElo "1794"]
[BlackElo "1916"]
[PlyCount "103"]
[EventDate "2011.10.22"]
[EventType "swiss"]
[EventRounds "9"]
[EventCountry "ITA"]
[SourceTitle "EXT 2012"]
[Source "ChessBase"]
[SourceDate "2011.11.24"]
[SourceVersion "1"]
[SourceVersionDate "2011.11.24"]
[SourceQuality "1"]

1. c4 Nf6 2. Nc3 e6 3. e4 d5 4. e5 d4 5. exf6 dxc3 6. bxc3 Qxf6 7. d4 e5 8. Nf3 exd4 9. Bg5 Qe6+ 10. Be2 f6 11. Nxd4 Qf7 12. Bf4 Bc5 13. 0-0 0-0 14. Nb5 Na6 15. Bf3 c6 16. Nd6 Bxd6 17. Bxd6 Rd8 18. Qd4 Be6 19. c5 Nc7 20. Rfe1 Ne8 21. Qf4 Rd7 22. a4 g6 23. a5 Nxd6 24. cxd6 Rad8 25. Rad1 Bd5 26. Be2 b6 27. axb6 axb6 28. Qb4 b5 29. Rd4 Rxd6 30. c4 bxc4 31. Bxc4 R6d7 32. Bf1 Rb7 33. Qa5 Rdb8 34. Bd3 Ra7 35. Qc5 Rba8 36. h3 Ra1 37. Rxa1 Rxa1+ 38. Bf1 Qe6 39. Qc2 Qe1 40. Qd3 Kg7 41. h4 Ra2 42. Qg3 Qe5 43. Qd3 Ra1 44. g4 f5 45. g5 f4 46. Rb4 f3 47. Qd2 c5 48. Rf4 Ra2 49. Qc1 Bb7 50. Rf6 Ba6 51. Rxa6 Qf5 52. Qc3+ 1-0

[Event "Arco op 33rd"]
[Site "Arco"]
[Date "2011.10.27"]
[Round "6"]
[White "Dalla Vecchia, Paolo"]
[Black "Karl, Hans"]
[Result "0-1"]
[WhiteElo "1916"]
[BlackElo "2201"]
[PlyCount "92"]
[EventDate "2011.10.22"]
[EventType "swiss"]
[EventRounds "9"]
[EventCountry "ITA"]
[SourceTitle "EXT 2012"]
[Source "ChessBase"]
[SourceDate "2011.11.24"]
[SourceVersion "1"]
[SourceVersionDate "2011.11.24"]
[SourceQuality "1"]

1. d4 Nf6 2. Nf3 g6 3. Bg5 Bg7 4. Nbd2 d5 5. e3 0-0 6. Bd3 Nbd7 7. Qe2 b6 8. c3 Bb7 9. e4 dxe4 10. Nxe4 c5 11. 0-0-0 Qc7 12. Bxf6 exf6 13. Kb1 Rfe8 14. Qc2 c4 15. Bxc4 Bxe4 16. Bd3 f5 17. Nh4 Nf6 18. f3 Bxd3 19. Qxd3 Rad8 20. g3 Nd5 21. Rhe1 Qd7 22. a3 b5 23. Kc2 a6 24. Kb1 Rxe1 25. Rxe1 Re8 26. Rxe8+ Qxe8 27. Ng2 Bh6 28. b3 Bf8 29. c4 Nb6 30. Kb2 Qe7 31. c5 Nd5 32. b4 Bg7 33. Nf4 Nxf4 34. gxf4 Qd7 35. Kc3 Qd5 36. h4 h5 37. Qe3 Kf8 38. Qd3 Bf6 39. a4 bxa4 40. Qxa6 Qb3+ 41. Kd2 Qxb4+ 42. Ke2 Bxd4 43. Qc8+ Kg7 44. c6 Qc4+ 45. Kd2 a3 46. Qd7 a2 0-1

[Event "Arco op 33rd"]
[Site "Arco"]
[Date "2011.10.26"]
[Round "5"]
[White "Valenti, Giuseppe"]
[Black "Dalla Vecchia, Paolo"]
[Result "1-0"]
[WhiteElo "2136"]
[BlackElo "1916"]
[PlyCount "47"]
[EventDate "2011.10.22"]
[EventType "swiss"]
[EventRounds "9"]
[EventCountry "ITA"]
[SourceTitle "EXT 2012"]
[Source "ChessBase"]
[SourceDate "2011.11.24"]
[SourceVersion "1"]
[SourceVersionDate "2011.11.24"]
[SourceQuality "1"]

1. f4 d5 2. Nf3 Nf6 3. e3 Bg4 4. Be2 Bxf3 5. Bxf3 e6 6. b3 Nbd7 7. Bb2 c6 8. c4 Bd6 9. cxd5 exd5 10. 0-0 0-0 11. Nc3 d4 12. Ne2 dxe3 13. dxe3 Bc5 14. Nd4 Re8 15. Qd3 Qe7 16. Rfe1 Rad8 17. Qc2 Bxd4 18. Bxd4 c5 19. Bb2 Ne4 20. Rad1 Ndf6 21. Be5 Rxd1 22. Rxd1 Kf8 23. Bxe4 Nxe4 24. Qxe4 1-0

[Event "Arco op 33rd"]
[Site "Arco"]
[Date "2011.10.22"]
[Round "1"]
[White "Cordioli, Luca"]
[Black "Dalla Vecchia, Paolo"]
[Result "1/2-1/2"]
[WhiteElo "1658"]
[BlackElo "1916"]
[PlyCount "40"]
[EventDate "2011.10.22"]
[EventType "swiss"]
[EventRounds "9"]
[EventCountry "ITA"]
[SourceTitle "EXT 2012"]
[Source "ChessBase"]
[SourceDate "2011.11.24"]
[SourceVersion "1"]
[SourceVersionDate "2011.11.24"]
[SourceQuality "1"]

1. e4 e5 2. Nf3 Nc6 3. d4 exd4 4. Nxd4 Bc5 5. Be3 Qf6 6. c3 Nge7 7. Bc4 0-0 8. 0-0 a6 9. a4 Rd8 10. Nxc6 Qxc6 11. Bxc5 Qxc5 12. Qb3 d5 13. exd5 Nxd5 14. Nd2 Bf5 15. Nf3 Bc2 16. Qxc2 Qxc4 17. Rfd1 c6 18. Rd4 Qc5 19. Rad1 Re8 20. h3 b5 1/2-1/2

[Event "Arco op 28th"]
[Site "Arco"]
[Date "2006.10.29"]
[Round "9"]
[White "Cardilli, Mariano"]
[Black "Dalla Vecchia, Paolo"]
[Result "1-0"]
[WhiteElo "2079"]
[BlackElo "1802"]
[PlyCount "81"]
[EventDate "2006.10.21"]
[EventType "swiss"]
[EventRounds "9"]
[EventCountry "ITA"]
[SourceTitle "EXT 2024"]
[Source "ChessBase"]
[SourceDate "2023.10.10"]
[SourceVersion "1"]
[SourceVersionDate "2023.10.10"]
[SourceQuality "1"]

1. d4 d5 2. c4 c6 3. Nf3 Nf6 4. Nc3 dxc4 5. a4 Bf5 6. e3 e6 7. Bxc4 Bb4 8. 0-0 0-0 9. Qe2 Nbd7 10. e4 Bg6 11. Bd3 Bh5 12. e5 Bxc3 13. bxc3 Bxf3 14. Qxf3 Nd5 15. Qh3 g6 16. Bh6 Nxc3 17. Bxf8 Nxf8 18. Qe3 Nd5 19. Qd2 Qb6 20. Bc2 Rd8 21. Rab1 Qc7 22. h4 a5 23. Rfd1 Nb4 24. h5 Qe7 25. hxg6 fxg6 26. Qc3 Nd7 27. Bb3 Kg7 28. Qh3 Nf8 29. Kh1 Nd5 30. Bxd5 Rxd5 31. Kg1 Qd7 32. Qc3 Qc7 33. Rb3 Nd7 34. Rdb1 b6 35. Qe3 c5 36. Qg5 Rxd4 37. Qe7+ Kh8 38. Rxb6 Rb4 39. R6xb4 cxb4 40. Rd1 b3 41. Qe8+ 1-0